Accessing the WAN : (Record no. 11384)
[ view plain ]
| 000 -LEADER | |
|---|---|
| fixed length control field | 01335cam a2200337 a 4500 |
| 001 - CONTROL NUMBER | |
| control field | 15216880 |
| 005 - DATE AND TIME OF LATEST TRANSACTION | |
| control field | 20161102144342.0 |
| 008 - FIXED-LENGTH DATA ELEMENTS--GENERAL INFORMATION | |
| fixed length control field | 080312s2008 inua 001 0 eng |
| 010 ## - LIBRARY OF CONGRESS CONTROL NUMBER | |
| LC control number | 2008011637 |
| 020 ## - INTERNATIONAL STANDARD BOOK NUMBER | |
| International Standard Book Number | 9781587132056 (hardcover w/cd) |
| 020 ## - INTERNATIONAL STANDARD BOOK NUMBER | |
| International Standard Book Number | 1587132052 (hardcover w/cd) |
| 035 ## - SYSTEM CONTROL NUMBER | |
| System control number | (OCoLC)ocn213408608 |
| 035 ## - SYSTEM CONTROL NUMBER | |
| System control number | (OCoLC)213408608 |
| 040 ## - CATALOGING SOURCE | |
| Original cataloging agency | DLC |
| Transcribing agency | DLC |
| Modifying agency | BAKER |
| -- | C#P |
| -- | YDXCP |
| -- | BWX |
| -- | DLC |
| 050 00 - LIBRARY OF CONGRESS CALL NUMBER | |
| Classification number | QA76.3 |
| Item number | .V334 2008 |
| 082 00 - DEWEY DECIMAL CLASSIFICATION NUMBER | |
| Classification number | 004.6 |
| Edition number | 22 |
| Item number | VAC |
| 100 1# - MAIN ENTRY--PERSONAL NAME | |
| Personal name | Vachon, Bob. |
| 9 (RLIN) | 4059 |
| 245 10 - TITLE STATEMENT | |
| Title | Accessing the WAN : |
| Remainder of title | CCNA Exploration Companion Guide / |
| Statement of responsibility, etc | Bob Vachon, Rick Graziani. |
| 260 ## - PUBLICATION, DISTRIBUTION, ETC. (IMPRINT) | |
| Place of publication, distribution, etc | Indianapolis, Ind. : |
| Name of publisher, distributor, etc | Cisco Press, |
| Date of publication, distribution, etc | c2008. |
| 300 ## - PHYSICAL DESCRIPTION | |
| Extent | xxiv, 668 p. : |
| Other physical details | ill. (some col.) ; |
| Dimensions | 25 cm. + |
| Accompanying material | 1 CD-ROM (4 3/4 in.). |
| 490 1# - Series Statement | |
| Series statement | Cisco Networking Academy series |
| 500 ## - GENERAL NOTE | |
| General note | Includes index. |
| 650 #0 - SUBJECT ADDED ENTRY--TOPICAL TERM | |
| Topical term or geographic name as entry element | Wide area networks (Computer networks) |
| 9 (RLIN) | 4061 |
| 650 #0 - SUBJECT ADDED ENTRY--TOPICAL TERM | |
| Topical term or geographic name as entry element | Computer networks |
| General subdivision | Examinations |
| Form subdivision | Study guides. |
| 9 (RLIN) | 4062 |
| 650 #0 - SUBJECT ADDED ENTRY--TOPICAL TERM | |
| 9 (RLIN) | 4060 |
| Topical term or geographic name as entry element | Electronic data processing personnel |
| General subdivision | Certification |
| 700 1# - ADDED ENTRY--PERSONAL NAME | |
| Personal name | Graziani, Rick. |
| 9 (RLIN) | 4063 |
| 710 2# - ADDED ENTRY--CORPORATE NAME | |
| Corporate name or jurisdiction name as entry element | Cisco Systems, Inc. |
| 9 (RLIN) | 4064 |
| 830 #0 - SERIES ADDED ENTRY--UNIFORM TITLE | |
| Uniform title | Cisco Networking Academy Program series. |
| 9 (RLIN) | 4065 |
| 942 ## - ADDED ENTRY ELEMENTS (KOHA) | |
| Source of classification or shelving scheme | Dewey Decimal Classification |
| Item type | Book - Borrowing |
| Withdrawn status | Item status | Source of classification or shelving scheme | Damaged status | Not for loan | Vendor | Home library | Current library | Shelving location | Date acquired | Source of acquisition | Cost, normal purchase price | Serial Enumeration / chronology | Total Checkouts | Full call number | Barcode | Date last seen | Date last borrowed | Koha item type |
|---|---|---|---|---|---|---|---|---|---|---|---|---|---|---|---|---|---|---|
| Dewey Decimal Classification | Alahram | Central Library | Central Library | Lower Floor | 22/04/2009 | 278.00 | 377 | 2 | 004.6 VAC | 000015550 | 15/07/2025 | 13/01/2010 | Book - Borrowing | |||||
| Dewey Decimal Classification | Alahram | Central Library | Central Library | Lower Floor | 22/04/2009 | 004.6 VAC | 000015564 | 24/08/2022 | CD | DVD - With book |